| 000 | 00904nam a22002775a 4500 | ||
|---|---|---|---|
| 005 | 20150823144513.0 | ||
| 008 | 100210r20102008maua|||| |||| 001 0 eng d | ||
| 010 | _a 2007001172 | ||
| 020 | _a9780135083543 | ||
| 020 | _a0135083540 | ||
| 035 | _a(OCoLC)ocm79002306 | ||
| 035 | _a(OCoLC)79002306 | ||
| 040 |
_aEG-ScBUE _beng _cEG-ScBUE |
||
| 082 | 0 | 4 |
_a620.00151 _bSMI _222 |
| 100 | 1 |
_aSmith, David M. _911233 |
|
| 245 | 1 | 0 |
_aEngineering computation with MATLAB / _cDavid M. Smith. |
| 250 | _a2nd ed., International ed. | ||
| 260 |
_aBoston : _bPearson/Addison Wesley, _c2010. |
||
| 300 |
_a(various pagings) : _bill. ; _c24 cm. |
||
| 500 | _aIncludes index. | ||
| 650 | 0 |
_aEngineering mathematics _xData processing. _911234 _2BUEsh |
|
| 651 | _2BUEsh | ||
| 653 |
_bCOMSCI _cAugust2015 |
||
| 856 | 4 | 1 |
_3Table of contents only _uhttp://www.loc.gov/catdir/toc/ecip078/2007001172.html |
| 942 |
_cBB _2ddc |
||
| 999 |
_c8425 _d8425 |
||